Statistics for Name a Valid Coastal County by US State

Click here to take the quiz!

General Stats

  • This quiz has been taken 112 times
  • The average score is 17 of 23

Answer Stats

StateCounties% Correct
CaliforniaDel Norte | Humboldt | Mendocino | Sonoma | Marin | Solano | Contra Costa | Alameda |
San Francisco | San Mateo | Santa Cruz | Monterey | San Luis Obispo | Santa Barbara |
Ventura | Los Angeles | Orange | San Diego
99%
TexasCameron | Kenedy | Kleberg | Nueces | San Patricio | Aransas | Calhoun | Jackson |
Matagorda | Brazoria | Galveston | Harris | Chambers | Jefferson
92%
New YorkRichmond | Kings | Queens | Nassau | Suffolk | New York | Bronx | Westchester
90%
FloridaEscambia | Santa Rosa | Okaloosa | Walton | Bay | Gulf | Franklin | Wakulla | Jefferson |
Taylor | Dixie | Levy | Citrus | Hernando | Pasco | Pinellas | Hillsborough | Manatee |
Sarasota | Charlotte | Lee | Collier | Monroe | Miami Dade | Broward | Palm Beach | Martin |
St. Lucie | Indian River | Brevard | Volusia | Flagler | St. John's | Duval | Nassau
89%
WashingtonWhatcom | San Juan | Skagit | Island | Snohomish | King | Kitsap | Pierce | Thurston | Mason |
Clallam | Jefferson | Grays Harbor | Pacific | Wahkiakum
89%
HawaiiKauai | Honolulu | Kalawao | Maui | Hawaii
88%
Rhode IslandWashington | Kent | Providence | Bristol | Newport
88%
AlabamaMobile | Baldwin
86%
AlaskaAleutians West | Aleutians East | Lake and Peninsula | Kodiak Island | Kenai Peninsula |
Anchorage | Valdez-Cordova | Yakutat | Hoonah-Angoon | Haines | Sitka | Juneau |
Petersburg | Wrangell | Prince of Wales-Hyder | Ketchikan Gateway | Bristol Bay | Dillingham |
Bethel | Kusilvak | Nome | Northwest Arctic | North Slope
83%
VirginiaVirginia Beach | Norfolk | Portsmouth | Suffolk | Isle of Wight | Surry | Prince George |
Hopewell | Chesterfield | Charles City | James City | Newport News | Hampton | Poquoson |
York | New Kent | King William | King and Queen | Gloucester | Mathews | Middlesex |
Essex | Caroline | King George | Westmoreland | Richmond | Lancaster | Northumberland |
Stafford | Prince William | Fairfax | Accomack | Northampton
82%
New JerseySalem | Cumberland | Cape May | Atlantic | Ocean | Monmouth | Middlesex | Hudson
80%
MassachusettsBristol | Plymouth | Barnstable | Dukes | Nantucket | Norfolk | Suffolk | Essex
78%
MarylandCharles | St. Mary's | Calvert | Anne Arundel | Baltimore City | Baltimore | Harford | Cecil |
Kent | Queen Anne's | Talbot | Dorchester | Wicomico | Somerset | Worcester
75%
DelawareSussex | Kent | New Castle
75%
South CarolinaJasper | Beaufort | Colleton | Charleston | Georgetown | Horry
74%
LouisianaCameron | Vermilion | Iberia | St. Mary | Terrebonne | Lafourche | Jefferson | Plaquemines |
St. Bernard | Orleans | St. Tammany
73%
ConnecticutFairfield | New Haven | Middlesex | New London
68%
MaineYork | Cumberland | Sagadahoc | Lincoln | Knox | Waldo | Hancock | Washington
61%
North CarolinaBrunswick | New Hanover | Pender | Onslow | Carteret | Pamlico | Beaufort | Hyde | Dare |
Tyrrell | Washington | Bertie | Chowan | Perquimans | Pasquotank | Camden | Currituck
59%
OregonClatsop | Tillamook | Lincoln | Lane | Douglas | Coos | Curry
58%
GeorgiaCamden | Glynn | McIntosh | Liberty | Bryan | Chatham
50%
New HampshireRockingham
49%
MississippiHancock | Harrison | Jackson
47%

Score Distribution

Percentile by Number Answered

Percent of People with Each Score

Your Score History

You have not taken this quiz